Central Library OPAC University of Rajshahi

The world's legal philosophies / (Record no. 45172)

MARC details
000 -LEADER
fixed length control field 00834nam a2200253 a 4500
001 - CONTROL NUMBER
control field 45172
003 - CONTROL NUMBER IDENTIFIER
rucl marc code BD-RjUL
005 - DATE AND TIME OF LATEST TRANSACTION
control field 20211209053956.0
008 - FIXED-LENGTH DATA ELEMENTS--GENERAL INFORMATION
fixed length control field 160727r19681912nyu 001 0 eng d
035 ## - SYSTEM CONTROL NUMBER
System control number (BD-RjUL)45290
040 ## - CATALOGING SOURCE
Original cataloging agency BD-RjUL
Language of cataloging eng
Transcribing agency BD-RjUL
041 ## - LANGUAGE CODE
Language code of text/sound track or separate title eng
082 ## - DEWEY DECIMAL CLASSIFICATION NUMBER
Edition number 23
Classification number 340.1
Author mark and year BEW 1968
100 1# - MAIN ENTRY--PERSONAL NAME
Personal name Berolzheimer, Fritz
9 (RLIN) 854
245 10 - TITLE STATEMENT
Title The world's legal philosophies /
Statement of responsibility, etc. Fritz Berolzheimer ; Trnslated by Rachel Szold Jastrow ; introduction by sir Jhon Macdonell & Albert Kocourek
260 ## - PUBLICATION, DISTRIBUTION, ETC. (IMPRINT)
Place of publication, distribution, etc. New York :
Name of publisher, distributor, etc. A.M. Kelley,
Date of publication, distribution, etc. 1912, [reprinted 1968]
300 ## - PHYSICAL DESCRIPTION
Pagination Vol. ;
Size .22 cm.
490 ## - SERIES STATEMENT
Series statement Modern legal philosophy series
Volume/sequential designation 2.
500 ## - GENERAL NOTE
General note Includes index.
505 o# - FORMATTED CONTENTS NOTE
Formatted contents note V 2--
650 ## - SUBJECT ADDED ENTRY--TOPICAL TERM
Topical term or geographic name as entry element Law
Form subdivision Philosophy.
9 (RLIN) 139452
830 ## - SERIES ADDED ENTRY--UNIFORM TITLE
Uniform title Modern legal philosophy series.
Volume number/sequential designation 2.
942 ## - ADDED ENTRY ELEMENTS (KOHA)
Source of classification or shelving scheme Dewey Decimal Classification
Koha item type Books
Holdings
Lost status Source of classification or shelving scheme Damaged status Not for loan Collection code Permanent Location Current Location Shelving location Date acquired Source of acquisition Cost, normal purchase price Total Checkouts Full call number Date last seen Copy number Koha item type
  Dewey Decimal Classification     Non-fiction Central Library, University of Rajshahi Central Library, University of Rajshahi   11/08/1971 Zeitlinger 174.00   340.1 BEW 1968 27/07/2016 C-2 Books